00425nam a22001577a 4500003000400000005001700004008004100021020001800062040000800080082001600088100001900104245003800123250000800161260006300169650003500232OSt20250523135533.0250506b |||||||| |||| 00| 0 eng d a9789350251959 cddc a616.0757 Q1 aHariqbal Singh aCross Sectional Imaging Made Easy a1st aNew DelhibJaypee Brothers Medical Publishers (P)Ltdc2011 vPhysiotherapyxCross Sectional